| 000 | 00983nam a2200229Ii 4500 | ||
|---|---|---|---|
| 003 | JO-AjNU | ||
| 008 | 230605s9999||||xx |||||||||||||| ||und|| | ||
| 017 | _a2008/16872 | ||
| 020 | _a977-17-6064.5 | ||
| 040 |
_aJO-AjNU _bara _erda _cJO-AjNU |
||
| 041 | _aara | ||
| 050 | 1 | 4 | _aK3405.K43.2009 |
| 100 | 3 |
_a خاطر ، شريف يوسف , _eauthor _932453 |
|
| 245 | 0 | 0 | _aدور القضاء الإداري المستعجل في حماية الحريات الأساسية : دراسة تحليلية تطبيقية للمادة 521-2 من تقنين القضاء الإداري الفرنسي مقارنة بالقانون المصري |
| 250 | _a(د،ط) | ||
| 264 | 3 | 1 | _aالقاهرة : دار النهضة العربية ، 2008-2009 |
| 300 | _a299ص | ||
| 336 |
_atext _btxt _2rdacontent |
||
| 337 |
_aunmediated _bn _2rdamedia |
||
| 338 |
_avolume _bnc _2rdacarrier |
||
| 650 | 4 |
_aالقضاء الاداري -- مصر -- القضاء الاداري -- فرنسا _932454 |
|
| 999 |
_aA13103 _c16671 _d16671 |
||